000
00443nam a2200169Ia 4500
008
090711s9999 xx 000 0 und d
082
_b
47845
100
_a
भोपे मधुरंजन
245
_a
टक्कर
260
_c
1984
300
_a
210
600
_a
भोपे मधुरंजन
630
_a
टक्कर
700
_a
भोपे मधुरंजन
730
_a
टक्कर
942
_c
BOOK
999
_c
299390
_d
299390